00949nam a22002777a 45000010005000000030006000050050017000110080041000280200015000690400029000840500017001130820011001301000019001412450087001602600038002473000059002854900021003445050008003655200149003735210029005225210020005516500020005716500022005916500024006137000034006377650FISKH20250826093244.0250729b cb ||||| |||| 00| 0 eng d a0590489925 aFISKHbengcFISKHdFISKH aPZ7.B93739 G a516.15 aBurns, Marilyn aThe greedy triangle / cWritten By Marilyn Burns : Illustrated by Gordon Silveria  aNew York : bScholastic , c1994. a32 unnumbered pages : bcolor illustrations ;c27 cm . aBrainy Day Books aM  aDissatisfied with its shape, a triangle keeps asking the local shapeshifter to add more lines and angles until it doesn't know which side is up.8 a530 bLexile estimate 8 aM bRaz-Plus  aMaths vFiction aShapes vFiction  aTriangles vFiction aSilveria, GordoneIllustator